000 01828nas a22002657a 4500
005 20140326160444.0
006 a|||||r|||| 00| 0
007 cr n
008 130215uuuuuuuuu||||| |ss|||||| ||||||d
130 0 _aTerrascape (Online)
210 1 0 _aTerrascape
245 1 0 _aTerrascape
_btakes the places
_cedited by Himanshu Joshi
260 _aNew Delhi
_bHimanshu Joshi
_c2013-
300 _av.
_c28 cm (Pbk)
310 _amonthly
362 _aDec 2013 Vol 4, Issue 7
520 _aTerrascape celebrates journeys that are about places, experiences, culture, authenticity, ethnicity and photography. Terrascape will deliver informative, entertaining, relevant and thought-provoking content that feeds the mind and fuels the imagination. The types of destinations we cover vary widely, from mainstream to adventure travel. A spectacularly visual magazine, Terrascape focuses on places we all dream about, and some more. Each destination is rich in distinction and character, and we actively support efforts to keep them that way. The magazine believes that enhancing an authentic “sense of place” benefits both travellers and the locations they explore. Features and columns strive to see destinations with fresh eyes and real insight, draw linkages with the past, give cultural clues and historical facts all to allow you to experience a destination directly. A spectacularly visual magazine for travellers and dreamers, Terrascape focuses on places we all dream about, and some more.
530 _aAlso available in print.
650 _aTravel
655 0 _aElectronic journals.
700 _aJoshi, Himanshu, Ed.
856 4 0 _uhttp://www.terrascape.in/archive.aspx
270 _aA-226, Priyadarshini Vihar 17 IP Extension
_bDelhi
_e110092
_k26492225
_mterrascapemag@gmail.com
942 _2ddc
_cSR
_s1
999 _c83175
_d83175